| 000 | 00942nam a2200205 a 4500 | ||
|---|---|---|---|
| 001 | 001154399 | ||
| 003 | AM-YeHGA | ||
| 005 | 20250617152351.0 | ||
| 008 | 160606s1985 un 000 0 rus d | ||
| 040 | _aAM-YeHGA | ||
| 041 | 0 | _arus | |
| 245 | 0 | 0 |
_aЭкологические и фитоценотические исследования дикорастущей флоры Украинского Полесья : _bСборник научных трудов / _cУкраинская сельскохоз. акад.; Ред. Е.А. Самохваленко. |
| 260 |
_aКиев : _bУСХА, _c1985. |
||
| 300 | _a64,[1], 4 с. | ||
| 504 | _aБиблиогр.: в конце статей | ||
| 653 | 0 | _aРастения полезные дикорастущие | |
| 700 | 1 |
_aСамохваленко, Е.А. _eред. _4edt |
|
| 710 | 2 | _aУкраинская сельскохозяйственная академия | |
| 090 | _c371296 | ||
| 999 |
_c369424 _d369424 |
||